Pays qui battent la Turquie - Statistiques

Statistiques générales
  • Ce quiz a été pris 564 fois
  • Le résultat moyen est 12 sur 16
Statistiques - réponses
Rang Catégorie Réponse % Correct
7 PIB en Asie Chine,Japon,Inde,Indonésie,...
95%
8 Nombre de musulmans Indonésie,Pakistan,Inde,Bangladesh,....
95%
3 Drapeau avec le plus de rouge Maroc,Chine
88%
4 Plus grande force militaire de l'OTAN Etats Unis,France,Royaume-Uni
84%
3 Plus mentionnée comme ennemis Russe Etats-Unis,Ukriane
84%
5 Producteur de Thé Chine,Inde,Kenya,Sri Lanka
83%
2 Par population au Moyen-Orients Iran
82%
4 Taux d'emplois le plus haut en Asie Japon,Corée du Sud,Qatar
81%
7 Volume d'Importations en Asie Chine,Japon,Inde,Corée du Sud,Taïwan,...
80%
10 Plus haut taux d'IDH en Asie Singapour,Japon,Corée du Sud,...
73%
4 Détestant plus Israël Iran,Pakistan,Algérie
71%
7 Ou les Etats-Unis exports plus d'armes Arabie Saoudite,Australie,E.A.U,Irak,...
66%
3 Soutenant plus la Palestine Iran,Qatar
65%
5 Implantation de l'armée Américaine Japon,Allemagne,Italie,Royaume-Uni
63%
2 La plus grandes mégapoles d'Europe Russie
57%
2 Plus grand pays Turque en superficie Kazakhstan
50%
Aucun quiz correspondant
Distribution des résultats
% des personnes avec chaque résultat
Percentile par nombre de réponses
Votre historique - résultats
Vous n’avez pas pris ce quiz